000 00949cam a2200253 i 4500
003 SA-RiAUC
005 20260114141106.0
008 260101s1913 su g 00000 ara c
040 _aSA-RiKSU
_bara
_cSA-RiAUC
_erda
043 _aa-su---
082 0 4 _a371.07109531
090 _aم ن 371.07109531
_bس ع ي
100 1 _aسعيد، محمد
_eمؤلف.
245 1 0 _aصدى العلم من الحجاز /
_cمحمد سعيد.
264 1 _a[مكان النشر غير محدد] :
_b[الناشر غير محدد]،
_c[1913]
264 3 _aمكة المكرمة :
_bمطبعة الترقي الماجدية
300 _aمتعدد الترقيم ؛
_c29 سم
336 _aنص
_btxt
_2rdacontent
_3كتاب
337 _aبدون وسيط
_bn
_2rdamedia
338 _aمجلد
_bnc
_2rdacarrier
650 7 _aالتعليم الديني الإسلامي
_2aucsh
942 _2ddc
_cRBOOK COPY
_n0
949 _aSA-JeALM
_d260101
_umohamedma123
_n1
999 _c14071
_d14071